| Tag |
First Indicator |
Second Indicator |
Subfields |
| LEADER |
00000cam a2200000Ia 4500 |
| 001 |
in00002776166 |
| 005 |
20211120170129.0 |
| 006 |
m d f |
| 007 |
cr bn||||||||| |
| 008 |
121004s2012 dcu o f000 0 eng d |
| 035 |
|
|
|a (OCoLC)ocn811851700
|
| 040 |
|
|
|a GPO
|c GPO
|d MvI
|d UtOrBLW
|
| 049 |
|
|
|a WWW
|
| 074 |
|
|
|a 0546-D-01 (online)
|
| 086 |
0 |
|
|a GA 1.5/A-2:B-406873.3
|
| 110 |
1 |
|
|a United States.
|b Government Accountability Office.
|
| 245 |
1 |
0 |
|a CeReTechs Ltd.
|
| 264 |
|
1 |
|a Washington, D.C. :
|b U.S. Govt. Accountability Office,
|c [2012]
|
| 300 |
|
|
|a 1 online resource (5 unnumbered pages).
|
| 336 |
|
|
|a text
|b txt
|2 rdacontent
|
| 337 |
|
|
|a computer
|b c
|2 rdamedia
|
| 338 |
|
|
|a online resource
|b cr
|2 rdacarrier
|
| 490 |
1 |
|
|a Decision
|
| 500 |
|
|
|a Title from title screen (viewed on Oct. 4, 2012).
|
| 500 |
|
|
|a "September 25, 2012."
|
| 500 |
|
|
|a "B-406873.3."
|
| 500 |
|
|
|a Electronic resource.
|
| 610 |
2 |
0 |
|a CeReTechs Ltd.
|
| 650 |
|
0 |
|a Defense contracts.
|
| 650 |
|
0 |
|a Information technology.
|
| 650 |
|
0 |
|a Contracting out
|z United States
|x Evaluation.
|
| 650 |
|
0 |
|a Letting of contracts
|x Government policy
|z United States
|x Evaluation.
|
| 830 |
|
0 |
|a Decision (United States. Government Accountability Office)
|
| 856 |
4 |
0 |
|u https://purl.fdlp.gov/GPO/gpo29137
|t 0
|
| 999 |
|
|
|a MARS
|
| 999 |
f |
f |
|s c1efa6c6-cac5-3a62-b5d6-a019a605f4ad
|i 3048df82-77c1-3677-8a6a-d66bc1c147d8
|t 0
|
| 952 |
f |
f |
|a Texas A&M University
|b College Station
|c Electronic Resources
|d Available Online
|t 0
|e GA 1.5/A-2:B-406873.3
|h Superintendent of Documents classification
|
| 998 |
f |
f |
|a GA 1.5/A-2:B-406873.3
|t 0
|l Available Online
|